| 000 | 00711cam a2200265 4500 | ||
|---|---|---|---|
| 001 | sa 68012112 | ||
| 003 | DLC | ||
| 005 | 20260227112607.0 | ||
| 008 | 691104m19689999ii b 001 0 eng | ||
| 010 | _asa 68012112 | ||
| 025 | _aPL480:I-E-10609 | ||
| 040 |
_aDLC _cDLC _dDLC |
||
| 043 | _aa-ii--- | ||
| 050 | 0 | 0 |
_aHM22.I5 _bS7 |
| 082 | 0 | 0 | _a301/.0954 |
| 100 | 1 |
_aSrivastava, H. C. _q(Harish Chandra), _d1932- |
|
| 245 | 1 | 0 | _aStudies in Indian sociology. |
| 250 | _a[1st ed.] | ||
| 260 |
_aVaranasi, _bSamajshastra Prakashan _c[1968- |
||
| 300 |
_av. _c23 cm. |
||
| 350 | _a12.00 (v. 1) | ||
| 504 | _aBibliographical footnotes. | ||
| 650 | 0 |
_aSociology _zIndia _xHistory. |
|
| 650 | 0 | _aHindu sociology. | |
| 999 |
_c84314 _d84314 |
||